| 000 | 01409nam a2200385 a 4500 | ||
|---|---|---|---|
| 001 | 000003169 | ||
| 003 | DO-SdBNP | ||
| 005 | 20170927083629.0 | ||
| 007 | 000003169 | ||
| 008 | 090707s2004 dr 001 0 spa d | ||
| 020 | _a9993425524 | ||
| 040 |
_aBPMSU _bspa _cBPMSU |
||
| 082 |
_aH860.1 _bM433t, 2004 |
||
| 100 | 1 |
_aMatos Moquete, Manuel, _d1944- |
|
| 245 | 1 | 4 |
_aLas teorías literarias en América Hispánica / _cManuel Matos Moquete. |
| 250 | _a2a ed. Corregida | ||
| 260 |
_aSanto Domingo : _bINTEC, _c2004. |
||
| 300 |
_a381 p.: _c23 cm. |
||
| 500 | _aIncluye datos biográficos del autor en las solapas | ||
| 504 | _aBibliografía: p. 381-387 | ||
| 504 | _aIncluye referencias bibliográficas y notas al pie de las páginas | ||
| 586 | _aPremio Pedro Henríquez Ureña de Ensayo 1991. UNPHU | ||
| 650 | 4 |
_aLITERATURA HISPANOAMERICANA _xTEORÍAS |
|
| 650 | 4 |
_aLITERATURA HISPANOAMERICANA _xHISTORIA Y CRÍTICA _xTEORÍAS |
|
| 650 | 4 | _aLITERATURA HISPANOAMERICANA | |
| 710 | 1 | _aInstituto Tecnológico de Santo Domingo | |
| 910 | _aValidado. Control de calidad BNPHU | ||
| 930 | 1 |
_lBND01 _mLF1 _820090707 _f01 _pHD _g585 _he. 2 |
|
| 942 |
_2ddc _cBK |
||
| 945 | _aInventariado, 2017/MFF | ||
| 956 |
_aDGARCIA _b10 _c20090825 _lBND01 _h1032 |
||
| 956 |
_aBTAVAREZ _b10 _c20090928 _lBND01 _h0920 |
||
| 956 |
_aMMOLINA _b20 _c20100325 _lBND01 _h0814 |
||
| 956 |
_aVMATEO _b10 _c20150806 _lBPMSU _h00151 |
||
| 999 |
_c8111 _d8111 |
||